Hapishane defterleri (Record no. 12433)

MARC details
000 -BAŞLIK
Sabit Uzunluktaki Kontrol Alanı 00673nam a22002057a 4500
003 - KONTROL NUMARASI KİMLİĞİ
Kontrol Alanı koha_MIRAKIL
005 - EN SON İŞLEM TARİHİ ve ZAMANI
Kontrol Alanı 20231213095954.0
008 - SABİT UZUNLUKTAKİ VERİ ÖGELERİ - GENEL BİLGİ
Sabit Alan 231213b |||||||| |||| 00| 0 ||| d
020 ## - ISBN - ULUSLARARASI STANDART KİTAP NUMARASI
-- 978-9-75344148-3
040 ## - KATALOGLAMA KAYNAĞI
Özgün Kataloglama Kurumu TR-IsEVY
Kataloglama Dili tur
Çeviri Kurumu TR-IsEVY
082 ## - DEWEY ONU SINIFLAMA SİSTEMİ
Sınıflama Numarası 320.5320945 GRA/H
100 ## - KİŞİ ADI
Yazar Adı (Kişi adı) Antonio Gramsci ; çev. Adnan Cemgil.
245 #0 - ESER ADI BİLDİRİMİ
Başlık Hapishane defterleri
Alt Eseradı vb. felsefe ve politika sorunlarıseçmeler
250 ## - BASIM BİLDİRİMİ
Basım Bildirimi 7. bs.
260 ## - YAYIN, DAĞITIM, VB.
Yayınevi Belge Yayınları,
Yayın Tarihi 2014
300 ## - FİZİKSEL TANIMLAMA
Sayfa, Cilt vb. 336 s.
650 ## - KONU BAŞLIĞI EK GİRİŞ - KONU TERİMİ
Konusal terim veya coğrafi ad Gramsci, Antonio, -- 1891-1937 -- Defterler, taslak kitaplar, vb.
650 ## - KONU BAŞLIĞI EK GİRİŞ - KONU TERİMİ
Konusal terim veya coğrafi ad Gramsci, Antonio, -- 1891-1937 -- Notebooks, sketchbooks, etc.
942 ## - EK GİRİŞ ÖGELERİ (KOHA)
Source of classification or shelving scheme Dewey Decimal Classification
Koha item type Kitap
Holdings
Kayıp Durumu Sınıflandırma Kaynağı Hasarlı Durumu Kalıcı Konum Mevcut Konum Kayıt Tarih Edinim Kaynağı Yer Numarası Demirbaş Numarası Son Görülme Tarihi Fatura Tarihi Materyal Türü
  Dewey Decimal Classification   LİSE KÜTÜPHANESİ LİSE KÜTÜPHANESİ 27/01/2016 Satınalma 320.5320945 GRA/H 12969 13/12/2023 27/01/2016 Kitap